Multivariate analysis of ecological communities

Bibliographic Details
Main Author: DIGBY
Other Authors: Kempton
Format: Book
Published: London : Chapman and Hill , 1987
Series:Population and community biology
Subjects:

MARC

LEADER 00000cam a2200000 7i4500
001 0000002352
005 20030530.0
020 0 0 |a 0412246503 
090 0 0 |a 577.82   |b DIG 1987 
100 1 0 |a DIGBY   |h P. G. N. 
245 1 0 |a Multivariate analysis of ecological communities   |c P. G. N. Digby and R. A. Kempton 
260 0 0 |a London :   |b Chapman and Hill ,   |c 1987 
300 |a viii, 206 p. ;   |c 23 cm. 
440 0 0 |a Population and community biology 
500 0 0 |a Includes bibliographical references : p. 187-192 and index 
650 0 0 |a Biotic communities 
650 0 0 |a Multivariate analysis 
700 0 1 |a Kempton   |h R. A. 
998 |a JPSM 
999 |a 0000004212   |b Monograph   |c Open Shelf   |e Default branch